000 01063nam2a22002291 4500
001 rc\4931104
005 20130426160147.8
035 _a(NLR Aleph) 008846057
090 _a8371758
_c8371758
100 _a20130426d1958 |||y0rusy50 ca
101 0 _arus
102 _aRU
105 _ay z |||||
200 1 _aФразеологические средства и речевые штампы
210 _d1958
461 0 _1001rc\4931103
_12001#$aРедактирование радиопередач$fПод ред. проф. К.И. Былинского. Вып. 1-$gГос. ком. по радиовещанию и телевидению при Совете Министров СССР. Науч.-метод. отд.$v[Вып. 1]
_98371754
_cМосква
_d1958-
_fПод ред. проф. К.И. Былинского. Вып. 1-
_nБ. и.
_tРедактирование радиопередач
_v[Вып. 1]
700 1 _aВакуров
_bВ. Н.
801 0 _aRU
_bNLR
_gpsbo
801 1 _aRU
_bELAR
_2rusmarc
852 _aNLR
_j58-6/9005
942 _cBOOK
980 _aNB